000 00870nac a22002657a 4500
001 BR8503087
003 BR-BrBNA
005 20240105120331.0
008 230509b bl.|||m| |||| 00| 0 por d
040 _aBR-BrBNA
_bpor
_cBiblioteca Nacional de Agricultura
072 _aL70
090 _aL70 BR8503087
110 1 _aServico Nacional de Formacao Profissional Rural, Brasilia, DF (Brasil)
_99371
245 1 _aAplicacao de medicamentos ou vacinas por via injetavel em bovinos
260 3 _aBrasilia, DF (Brasil):
_c1985.
300 _a31 p.
490 _aSerie Aprender a Fazer - Servico Nacional de Formacao Profissional Rural (Brazil)
_vno. 2
_x
650 _aTECNOLOGIA APROPRIADA
650 _aINJECAO
650 _aVETERINARIA
650 _aMEDICAMENTO
650 _aVACINA
909 _a202312
_bLúcia Elande
_c55
_dLúcia Elande
942 _2AGRIS
_n0
_cMS
999 _c278935
_d278935